| 000 | 00788nam a22002057a 4500 | ||
|---|---|---|---|
| 999 |
_c10668 _d10668 |
||
| 003 | AR-CdUCM | ||
| 008 | 190401b ||||| |||| 00| 0 spa d | ||
| 040 |
_aMUNICIPALIDAD PROVINCIAL DEL CUSCO _cBIBLIOTECA MUNICIPAL DEL CUSCO |
||
| 082 |
_22ed _aES / 030 / _bA77 |
||
| 100 |
_aArroyo Merino, José Antonio _927641 |
||
| 245 | _aComo coleccionar mariposas / | ||
| 260 |
_aMadrid : _bSantillana, _c1963. |
||
| 300 |
_a103 páginas ; _bFotografías, _c20 cm. |
||
| 505 | _aContenido: Las mariposas en el reino animal -- La biología de las mariposas -- La captura de ejemplares -- Preparación de los ejemplares... | ||
| 650 |
_aManualidades _915530 |
||
| 650 |
_aTutoria para disecar mariposas _927642 |
||
| 650 |
_aReyno de las mariposas _927643 |
||
| 942 |
_2ddc _cLIBROS |
||
| 945 | _adavv | ||